| 000 | 00507 a2200205 4500 | ||
|---|---|---|---|
| 005 | 20260417122522.0 | ||
| 008 | 260416b |||||||| |||| 00| 0 eng d | ||
| 020 |
_a9781071847473 _c$ 169.00 |
||
| 040 | _aMAIN | ||
| 082 |
_a150.72 _bM122P(5) |
||
| 100 | _aMcBride, Dawn M | ||
| 245 | _aProcess of research in psychology | ||
| 250 | _a5th | ||
| 260 |
_bSage _c2024 _aNew Delhi |
||
| 300 | _axxi, 502 | ||
| 650 | _aPsycholosy | ||
| 650 | _aResearch Methods | ||
| 650 | _aData Analsis | ||
| 942 | _cBK | ||
| 999 |
_c396737 _d396737 |
||